000 00547nmm a2200193Ia 4500
008 251105s9999||||xx |||||||||||||||||und||
020 _a9788419449054
041 _aspa
100 _aRiordan, Kate
245 0 _aFiebre de verano
264 _a[Madrid, España] :
_bRoca Editorial,
_c[Fecha de publicación no identificada]
300 _a0 páginas
490 _aThriller y suspense
650 _aLiterature
700 _aRiordan, Kate
700 1 _a Sanz, Rosa
856 _uhttps://public.digitaliapublishing.com/a/134395
942 _cCF
999 _c70554
_d70554